000 00783nam a2200241 i 4500
003 DO-SdBNP
005 20250401151613.0
007 ta
008 250401t2020 dr a 000 0 spa d
040 _aDO-SdBNP
_bspa
_cBNPHU
_erda
082 _axxxx
_bG943
_222
100 1 _aLambis Sánchez, Katia
_982152
245 0 0 _aGuía básica para la resiliencia comunitaria /
_cKatia Lambis Sánchez
264 _aSantiago de los Caballeros, República Dominicana :
_bFundación Solidaridad,
_c2020.
300 _a48 páginas
_bilustraciones
_c28 cm.
336 _atexto
_btxt
_2rdacontent
337 _asin mediación
_bn
_2rdamedia
338 _avolumen
_bnc
_2rdacarrier
504 _aBibliografía p: 46-47.
590 _aInventariado, 2025/ YL
910 _aYLockward
942 _2ddc
_cLF2
999 _c58550
_d58550